000 00435nam a22001577a 4500
005 20171122114437.0
008 171122b xxu||||| |||| 00| 0 eng d
020 _a9786056550645
040 _cPK-LaUMT
082 _aTRC 956.62
_bSEY-E
100 _aSeyit Sertcelik
245 _aThe emergence of the armenian question 1678-1914 /
_cSeyit Sertcelik
260 _aAnkara :
_bSrt. Yayinlari,
_c2016
300 _a471 p.
942 _cTRC
999 _c100189
_d100189